<?xml version="1.0" encoding="UTF-8"?>
<record
    xmlns:xsi="http://www.w3.org/2001/XMLSchema-instance"
    xsi:schemaLocation="http://www.loc.gov/MARC21/slim http://www.loc.gov/standards/marcxml/schema/MARC21slim.xsd"
    xmlns="http://www.loc.gov/MARC21/slim">

  <leader>00614nam a22001457a 4500</leader>
  <datafield tag="999" ind1=" " ind2=" ">
    <subfield code="c">58850</subfield>
    <subfield code="d">58850</subfield>
  </datafield>
  <controlfield tag="003">Ge_BSU</controlfield>
  <controlfield tag="005">20221007160531.0</controlfield>
  <controlfield tag="008">221007s1987    ge ||||| |||| 00| 0 geo d</controlfield>
  <datafield tag="041" ind1=" " ind2=" ">
    <subfield code="a">geo</subfield>
  </datafield>
  <datafield tag="080" ind1=" " ind2=" ">
    <subfield code="a">1(038) &#x10E4;-54</subfield>
  </datafield>
  <datafield tag="245" ind1=" " ind2=" ">
    <subfield code="a">&#x10E4;&#x10D8;&#x10DA;&#x10DD;&#x10E1;&#x10DD;&#x10E4;&#x10D8;&#x10E3;&#x10E0;&#x10D8; &#x10DA;&#x10D4;&#x10E5;&#x10E1;&#x10D8;&#x10D9;&#x10DD;&#x10DC;&#x10D8; /</subfield>
    <subfield code="c">[&#x10D0;&#x10D3;&#x10DD; &#x10D0;.&#x10D5;., &#x10D0;&#x10DC;&#x10D8;&#x10D9;&#x10D4;&#x10D4;&#x10D5;&#x10D8; &#x10DC;.&#x10DE;., &#x10D0;&#x10DC;&#x10E2;&#x10D8;&#x10DE;&#x10D8;&#x10DC;&#x10D0; &#x10D2;.&#x10E1;. &#x10D3;&#x10D0; &#x10E1;&#x10EE;&#x10D5;. ; &#x10DB;&#x10D7;&#x10D0;&#x10E0;&#x10D2;&#x10DB;&#x10DC;.: &#x10D9;. &#x10D2;&#x10DD;&#x10E5;&#x10E1;&#x10D0;&#x10EB;&#x10D4; &#x10D3;&#x10D0; &#x10E1;&#x10EE;&#x10D5;.].</subfield>
  </datafield>
  <datafield tag="264" ind1=" " ind2=" ">
    <subfield code="a">&#x10D7;&#x10D1;. : </subfield>
    <subfield code="b">&#x10E1;&#x10D0;&#x10D1;&#x10ED;. &#x10E1;&#x10D0;&#x10E5;&#x10D0;&#x10E0;&#x10D7;&#x10D5;&#x10D4;&#x10DA;&#x10DD;,</subfield>
    <subfield code="c">1987.</subfield>
  </datafield>
  <datafield tag="300" ind1=" " ind2=" ">
    <subfield code="a">727&#x10D2;&#x10D5;. ; </subfield>
    <subfield code="b">21&#x10E1;&#x10DB;.</subfield>
  </datafield>
  <datafield tag="942" ind1=" " ind2=" ">
    <subfield code="2">udc</subfield>
    <subfield code="c">BK</subfield>
  </datafield>
  <datafield tag="952" ind1=" " ind2=" ">
    <subfield code="0">0</subfield>
    <subfield code="1">0</subfield>
    <subfield code="2">udc</subfield>
    <subfield code="4">0</subfield>
    <subfield code="6">1038_&#x10E4;54</subfield>
    <subfield code="7">0</subfield>
    <subfield code="9">92584</subfield>
    <subfield code="a">CPL</subfield>
    <subfield code="b">CPL</subfield>
    <subfield code="c">GEN</subfield>
    <subfield code="d">2022-10-07</subfield>
    <subfield code="g">9.60</subfield>
    <subfield code="o">1(038) &#x10E4;-54</subfield>
    <subfield code="p">28637</subfield>
    <subfield code="r">2022-10-07</subfield>
    <subfield code="t">28637</subfield>
    <subfield code="w">2022-10-07</subfield>
    <subfield code="y">BK</subfield>
    <subfield code="z">9 &#x10DA;.60 &#x10D7;.</subfield>
  </datafield>
</record>
